प्रधानमंत्री डॉ मनमोहन सिंह / (Record no. 55857)

MARC details
000 -LEADER
fixed length control field 01129nam a22002297a 4500
005 - DATE AND TIME OF LATEST TRANSACTION
control field 20110824100311.0
010 ## - LCCN (DPL NO)
LC control number G-001027
020 ## - INTERNATIONAL STANDARD BOOK NUMBER
Terms of availability 25.00
International Standard Book Number 9788190572620
035 ## - SYSTEM CONTROL NUMBER
System control number G-1027
037 ## - SOURCE OF ACQUISITION
Source of stock number/acquisition ईस्टएण्ड पब्लिकेशन्स
Stock number
082 ## - DEWEY DECIMAL CLASSIFICATION NUMBER
Classification number 921
100 ## - MAIN ENTRY--PERSONAL NAME
Personal name अशोक
245 ## - TITLE STATEMENT
Title प्रधानमंत्री डॉ मनमोहन सिंह /
Statement of responsibility, etc अशोक
260 ## - PUBLICATION, DISTRIBUTION, ETC. (IMPRINT)
Place of publication, distribution, etc दिल्ली
Name of publisher, distributor, etc ईस्टएण्ड पब्लिकेशन्स
Date of publication, distribution, etc 2009
270 ## - ADDRESS
Address 29/502, ईस्ट एण्ड अपार्टमैंटस, मयूर विहार एक्सटेंशन फेस-1
City नई दिल्ली
Postal code 110096
State or province दिल्ली
Telephone number
300 ## - PHYSICAL DESCRIPTION
Extent 16पृ
Dimensions 21 सेमी (अजिल्द)
Other physical details सचित्र
650 ## - SUBJECT ADDED ENTRY--TOPICAL TERM
Topical term or geographic name as entry element
650 ## - SUBJECT ADDED ENTRY--TOPICAL TERM
Topical term or geographic name as entry element
942 ## - ADDED ENTRY ELEMENTS (KOHA)
Institution code [OBSOLETE] dpl
Item type Children Books
Source of classification or shelving scheme Dewey Decimal Classification
Call number suffix मनमो
Classification part 921
Holdings
Withdrawn status Lost status Not for loan Collection code Home library Current library Date acquired Cost, normal purchase price Full call number Barcode Copy number Cost, replacement price Koha item type
      Non-fiction Katevara Katevara 24/08/2011 25.00 921 मनमो G-001027 1 25.00 Children Books

© Delhi Public Library
Hit Counter
free hit counter